000 00543nam a22001817a 4500
005 20251108164927.0
008 250721s1999 xx 000 0 ara d
082 1 4 _a216.9261/ريا
100 1 _aريان، حسين راتب
245 1 0 _aعجز الموازنة و علاجه في الفقه الإسلامي /
264 1 _aعمان :
_bدار النفائس،
_c1999.
300 _a358ص
650 1 7 _aالمالية
650 1 7 _aالميزانيات
650 1 7 _aالفقه الإسلامي
942 _2ddc
_cBK
999 _c17647
_d17647